00260nam a2200097Ia 4500008004100000245004300041260004000084300001000124650000900134650001900143220216s9999 xx 000 0 und d 0aNatural rubber future: Bleak or bright bRubber International Magazinec2013 a28-31 aIRSG aNatural rubber